[Event "Vladivostok op"]
[Site "Vladivostok"]
[Date "2011.04.01"]
[Round "7"]
[White "Borodatov, Sergey"]
[Black "Krivoruchko, Denis"]
[Result "0-1"]
[WhiteElo "1966"]
[BlackElo "1851"]
[PlyCount "64"]
[EventDate "2011.03.26"]
[EventType "swiss"]
[EventRounds "9"]
[EventCountry "RUS"]
[SourceTitle "CBM 141 Extra"]
[Source "ChessBase"]
[SourceDate "2011.05.03"]
[SourceVersion "1"]
[SourceVersionDate "2011.05.03"]
[SourceQuality "1"]

1. e4 d6 2. f4 g6 3. Nf3 Bg7 4. Bc4 e5 5. fxe5 dxe5 6. d3 Nc6 7. a3 Qe7 8. Nc3 Nf6 9. Bg5 Be6 10. Nd5 Bxd5 11. Bxd5 h6 12. Bxc6+ bxc6 13. Bd2 0-0 14. h3 Rad8 15. Bc3 Nh5 16. g4 Nf4 17. Rh2 f5 18. exf5 e4 19. Ng1 Bxc3+ 20. bxc3 exd3+ 21. Kf1 Qd6 22. Rf2 Rfe8 23. fxg6 Nxg6 24. cxd3 Qxd3+ 25. Qxd3 Rxd3 26. Rf6 Rf8 27. Rxf8+ Kxf8 28. Rc1 Nf4 29. Rb1 Rxc3 30. Rb7 Rxa3 31. Rxc7 c5 32. Rxc5 Ra1+ 0-1

[Event "Vladivostok op"]
[Site "Vladivostok"]
[Date "2011.03.29"]
[Round "4"]
[White "Krivoruchko, Denis"]
[Black "Melikhov, Ilya"]
[Result "1-0"]
[WhiteElo "1851"]
[BlackElo "1878"]
[PlyCount "71"]
[EventDate "2011.03.26"]
[EventType "swiss"]
[EventRounds "9"]
[EventCountry "RUS"]
[SourceTitle "CBM 141 Extra"]
[Source "ChessBase"]
[SourceDate "2011.05.03"]
[SourceVersion "1"]
[SourceVersionDate "2011.05.03"]
[SourceQuality "1"]

1. e4 c5 2. Nf3 Nc6 3. d4 cxd4 4. Nxd4 Nf6 5. Nc3 e5 6. Nf3 Bb4 7. Bg5 h6 8. Bxf6 Bxc3+ 9. bxc3 Qxf6 10. Bd3 0-0 11. 0-0 d6 12. h3 g5 13. Nh2 Qg6 14. Rb1 Rb8 15. Qf3 Kh8 16. Ng4 h5 17. Ne3 Ne7 18. Be2 h4 19. Rfd1 Rd8 20. Nc4 Kg8 21. Nxe5 Qe6 22. Nc4 b5 23. Qh5 f6 24. e5 d5 25. Nd6 fxe5 26. Qxg5+ Kf8 27. Nxc8 Nxc8 28. Bg4 Qe7 29. Qh6+ Qg7 30. Qxh4 Nb6 31. Rxb5 e4 32. Qg3 a6 33. Rb3 a5 34. Rdb1 Qh6 35. Qe5 Re8 36. Qd4 1-0

[Event "Vladivostok op"]
[Site "Vladivostok"]
[Date "2011.03.27"]
[Round "2"]
[White "Krivoruchko, Denis"]
[Black "Trofaniuk, Arseniy"]
[Result "0-1"]
[WhiteElo "1851"]
[BlackElo "1967"]
[PlyCount "68"]
[EventDate "2011.03.26"]
[EventType "swiss"]
[EventRounds "9"]
[EventCountry "RUS"]
[SourceTitle "CBM 141 Extra"]
[Source "ChessBase"]
[SourceDate "2011.05.03"]
[SourceVersion "1"]
[SourceVersionDate "2011.05.03"]
[SourceQuality "1"]

1. e4 c5 2. Nf3 Nc6 3. d4 cxd4 4. Nxd4 Nf6 5. Nc3 e5 6. Nb3 Bb4 7. Bg5 h6 8. Bxf6 Qxf6 9. Qd3 0-0 10. a3 Bxc3+ 11. Qxc3 b6 12. Bd3 Bb7 13. 0-0 Rac8 14. Qd2 a5 15. Qe3 Ne7 16. Rfe1 Qe6 17. Rad1 f6 18. Rd2 d5 19. exd5 Bxd5 20. Be4 Bxe4 21. Qxe4 Rc7 22. Red1 Rc6 23. Rd8 Rxd8 24. Rxd8+ Kf7 25. Qd3 Qc4 26. Qd7 Rc7 27. Qe8+ Ke6 28. Rd2 Qxb3 29. Qd8 Qc4 30. Qd6+ Kf7 31. Qxb6 Qc5 32. Qb3+ Qc4 33. Qf3 g6 34. h3 Nf5 0-1

[Event "Vladivostok Cup"]
[Site "Vladivostok"]
[Date "2010.03.26"]
[Round "8"]
[White "Krivoruchko, Denis"]
[Black "Pestov, Konstantin"]
[Result "0-1"]
[WhiteElo "1851"]
[BlackElo "2137"]
[PlyCount "102"]
[EventDate "2010.03.19"]
[EventType "swiss"]
[EventRounds "9"]
[EventCountry "RUS"]
[SourceTitle "EXT 2022"]
[Source "ChessBase"]
[SourceDate "2021.10.06"]
[SourceVersion "1"]
[SourceVersionDate "2021.10.06"]
[SourceQuality "1"]

1. e4 c6 2. d4 d5 3. exd5 cxd5 4. Bd3 Nc6 5. c3 Nf6 6. Nf3 Bg4 7. h3 Bh5 8. 0-0 e6 9. Bf4 Bd6 10. Bxd6 Qxd6 11. Nbd2 0-0 12. Re1 Rab8 13. Qc2 Rfc8 14. a3 b5 15. Ne5 Nxd4 16. Qb1 Nc6 17. Ndf3 Bg6 18. Nxc6 Rxc6 19. Bxg6 hxg6 20. Ne5 Rcc8 21. Qd3 Nd7 22. Nxd7 Qxd7 23. Rad1 Qc7 24. Rd2 Qb6 25. Qe3 Rc4 26. Qxb6 Rxb6 27. f3 Kf8 28. Kf2 a5 29. Ree2 Rd6 30. Ke3 Ke7 31. Rd4 Rd8 32. Red2 Kd6 33. Rxc4 bxc4 34. a4 Rh8 35. Rd4 Rh5 36. Rd1 Rh8 37. Rd2 Rb8 38. Kd4 Rb3 39. Rc2 e5+ 40. Ke3 d4+ 41. Kf2 Kd5 42. Rd2 Rb6 43. Ke2 Re6 44. Kf2 d3 45. Kf1 e4 46. fxe4+ Kxe4 47. Rf2 Ke3 48. Ke1 Rf6 49. Rxf6 gxf6 50. h4 f5 51. Kd1 d2 0-1

[Event "Vladivostok Cup"]
[Site "Vladivostok"]
[Date "2010.03.25"]
[Round "7"]
[White "Petrenko, Andrey"]
[Black "Krivoruchko, Denis"]
[Result "0-1"]
[WhiteElo "1825"]
[BlackElo "1851"]
[PlyCount "96"]
[EventDate "2010.03.19"]
[EventType "swiss"]
[EventRounds "9"]
[EventCountry "RUS"]
[SourceTitle "EXT 2022"]
[Source "ChessBase"]
[SourceDate "2021.10.06"]
[SourceVersion "1"]
[SourceVersionDate "2021.10.06"]
[SourceQuality "1"]

1. e4 d6 2. d4 g6 3. f4 Bg7 4. Nf3 Bg4 5. c3 Bxf3 6. Qxf3 c6 7. Bc4 Nd7 8. 0-0 Qb6 9. f5 Bxd4+ 10. cxd4 Qxd4+ 11. Be3 Qxc4 12. Nd2 Qd3 13. fxg6 fxg6 14. Qf7+ Kd8 15. Qg7 Qxe3+ 16. Rf2 Kc7 17. Qxh8 Rf8 18. Raf1 Ngf6 19. Qg7 Ng4 20. Nc4 Qc5 21. b4 Qh5 22. h3 Rxf2 23. Rxf2 Nxf2 24. Kxf2 Qh4+ 25. Ke3 Qe1+ 26. Kd3 Qf1+ 27. Kc3 Qa1+ 28. Nb2 Qe1+ 29. Kb3 Qe3+ 30. Kc2 Qxe4+ 31. Kb3 Qe3+ 32. Kc2 Qe4+ 33. Kb3 Qd5+ 34. Kc2 Qxg2+ 35. Kb1 Qxh3 36. Qxe7 Qf5+ 37. Kc1 Qf4+ 38. Kc2 Qxb4 39. Qxh7 Qe4+ 40. Kc1 Qf4+ 41. Kc2 g5 42. Nd3 Qc4+ 43. Kb2 g4 44. Qg6 Qd4+ 45. Kc2 Qg1 46. Qf5 g3 47. Nf4 Qc5+ 48. Qxc5 Nxc5 0-1

[Event "Vladivostok Cup"]
[Site "Vladivostok"]
[Date "2010.03.24"]
[Round "6"]
[White "Krivoruchko, Denis"]
[Black "Frolov, Sergey2222"]
[Result "1-0"]
[WhiteElo "1851"]
[BlackElo "1899"]
[PlyCount "45"]
[EventDate "2010.03.19"]
[EventType "swiss"]
[EventRounds "9"]
[EventCountry "RUS"]
[SourceTitle "EXT 2022"]
[Source "ChessBase"]
[SourceDate "2021.10.06"]
[SourceVersion "1"]
[SourceVersionDate "2021.10.06"]
[SourceQuality "1"]

1. e4 c5 2. Nf3 e6 3. d4 cxd4 4. Nxd4 a6 5. Be3 Nf6 6. Bd3 Qc7 7. 0-0 Nc6 8. c3 h5 9. Nxc6 bxc6 10. h3 Bd6 11. f4 Be7 12. Nd2 Bb7 13. Nc4 c5 14. Qc2 d5 15. exd5 exd5 16. Ne5 Ne4 17. Qa4+ Kf8 18. Bxe4 dxe4 19. Qc4 Bd6 20. Rad1 Rh6 21. Rxd6 Rxd6 22. Bxc5 Rad8 23. Bxd6+ 1-0

[Event "Vladivostok Cup"]
[Site "Vladivostok"]
[Date "2010.03.22"]
[Round "4"]
[White "Krivoruchko, Denis"]
[Black "Babich, Mikhail"]
[Result "1/2-1/2"]
[WhiteElo "1851"]
[BlackElo "2033"]
[PlyCount "102"]
[EventDate "2010.03.19"]
[EventType "swiss"]
[EventRounds "9"]
[EventCountry "RUS"]
[SourceTitle "EXT 2022"]
[Source "ChessBase"]
[SourceDate "2021.10.06"]
[SourceVersion "1"]
[SourceVersionDate "2021.10.06"]
[SourceQuality "1"]

1. e4 e6 2. d4 d5 3. exd5 exd5 4. Nf3 Nf6 5. Bd3 Be7 6. Be3 0-0 7. h3 c6 8. c3 Qc7 9. Qc2 Re8 10. Nbd2 Nbd7 11. 0-0-0 Nf8 12. Ne5 Bd6 13. f4 N6d7 14. Rde1 f6 15. Nxd7 Bxd7 16. g3 Re7 17. Bf5 Rae8 18. Bf2 Re2 19. Qd3 Rxe1+ 20. Bxe1 Bxf5 21. Qxf5 Qd7 22. Qd3 Qf7 23. Bf2 Nd7 24. Re1 Rxe1+ 25. Bxe1 Qe6 26. Qf1 b6 27. f5 Qe7 28. Kd1 b5 29. Qd3 Nb6 30. b3 Kf7 31. Qf3 g6 32. fxg6+ hxg6 33. Qd3 Qe6 34. g4 Bf4 35. Qf3 Bxd2 36. Kxd2 Qd6 37. Bh4 Nd7 38. Qf2 Qa3 39. Kd1 Qe7 40. Qf3 Nf8 41. Bg3 Ne6 42. h4 Ng7 43. Qf4 Qd7 44. Qc7 Qxc7 45. Bxc7 Ne6 46. Bg3 f5 47. g5 Ng7 48. Ke2 a6 49. a3 Ne6 50. b4 Nf8 51. Kf3 Nd7 1/2-1/2